01316nam a2200313Ia 4500001001200000003000800012006001900020007001500039008004100054020001800095020001500113040002100128035002100149050002500170100002200195245012900217260005700346300001700403500003200420504005100452533015200503600007600655600006800731650001600799655002900815710001700844856012600861999001500987ebr10284222CaPaEBRm u cr cn|||||||||021019s2003 nju sb 001 0 eng d z9780691114545 z0691114544 aCaPaEBRcCaPaEBR a(OCoLC)51948017714aJC229.T8bW65 2003eb1 aWolin, Sheldon S.10aTocqueville between two worldsh[electronic resource] :bthe making of a political and theoretical life /cSheldon S. Wolin. aPrinceton, NJ :bPrinceton University Press,c[2003] aviii, 650 p. aOriginally published: 2001. aIncludes bibliographical references and index. aElectronic reproduction.bPalo Alto, Calif. :cebrary,d2009.nAvailable via World Wide Web.nAccess may be limited to ebrary affiliated libraries.10aTocqueville, Alexis de,d1805-1859xContributions in political science.10aTocqueville, Alexis de,d1805-1859xContributions in democracy. 0aState, The. 7aElectronic books.2local2 aebrary, Inc.40uhttp://site.ebrary.com/lib/rucke/Doc?id=10284222zAn electronic book accessible through the World Wide Web; click to view c2585d2585